| 000 | 00549nam a2200157 4500 | ||
|---|---|---|---|
| 001 | 112250 | ||
| 003 | ES-MaACL | ||
| 005 | 20250930063112.0 | ||
| 007 | t| | ||
| 008 | 061121s1904 sp r ||||1| spa d | ||
| 100 | 1 |
_aMuñoz del Castillo, José, _d1850-1926 _984395 |
|
| 245 | 1 | 0 |
_aProgramas de estudios experimentales sobre las substancias radioactivas y la radioactividad / _cpor José Muñoz del Castillo. |
| 260 |
_aMadrid : _b[s.n.], _c1904 ( _fHijos de M. G. Hernández) |
||
| 852 |
_aES-MaACL _jT-1043-F-13 |
||
| 999 |
_c112250 _d112250 |
||